00508nam a2200193 a 45000010005000000030009000050080041000140400028000550820016000831000018000992450043001172500007001602600053001673000010002206500029002306500026002599420012002859990017002975444CO-ViMGA141112s2004 ck r 000 u spa d aCO-ViMGAbspacCO-ViMGA04a573.3 I545c1 aIlin, M9515510aCómo el hombre llegó a ser gigante a2a aSantafé de Bogotá : bPanAméricana, c1994 a227 p14aHOMBRE - EVOLUCION9515614aHOMBRE - ORIGEN95157 2ddccBK c17431d17431